| 000 | 00438nam a2200157Ia 4500 | ||
|---|---|---|---|
| 008 | 160316s1988 xxu||||| |||| 00| 0 eng d | ||
| 082 |
_a338.100000 _bJOH |
||
| 100 | _aJohl S S | ||
| 245 | _aFuture of agriculture in Punjab | ||
| 250 | _a | ||
| 260 |
_aChandigarh _bCentre for Research in Rural and Industrial Develo _c1988 |
||
| 300 |
_a77p. _b20 cm _cviii |
||
| 365 | _b | ||
| 650 | _a1. Agricultural Situation - Punjab | ||
| 700 |
_a _a |
||
| 999 |
_c3693 _d3693 |
||